Lịch sử tư tưởng Việt Nam

Tài liệu giới thiệu tổng quan về lịch sử tư tưởng Việt Nam. Nghiên cứu lịch sử tư tưởng ở nhiều góc độ khác nhau như tư tưởng triết học, tư tưởng chính trị, tư tưởng tôn giáo, tư tưởng Thiên Chúa giáo, tư tưởng Hồi giáo, tư tư...

Disgrifiad llawn

Wedi'i Gadw mewn:
Manylion Llyfryddiaeth
Prif Awdur: Huỳnh, Công Bá
Fformat: Llyfr
Iaith:Undetermined
Cyhoeddwyd: Huế Thuận Hoá 2007
Pynciau:
Tagiau: Ychwanegu Tag
Dim Tagiau, Byddwch y cyntaf i dagio'r cofnod hwn!
Thư viện lưu trữ: Trung tâm Học liệu Trường Đại học Cần Thơ
LEADER 01014nam a2200205Ia 4500
001 CTU_156578
008 210402s9999 xx 000 0 und d
020 |c 50000 
082 |a 181.19 
082 |b B100 
100 |a Huỳnh, Công Bá 
245 0 |a Lịch sử tư tưởng Việt Nam 
245 0 |c Huỳnh Công Bá 
260 |a Huế 
260 |b Thuận Hoá 
260 |c 2007 
520 |a Tài liệu giới thiệu tổng quan về lịch sử tư tưởng Việt Nam. Nghiên cứu lịch sử tư tưởng ở nhiều góc độ khác nhau như tư tưởng triết học, tư tưởng chính trị, tư tưởng tôn giáo, tư tưởng Thiên Chúa giáo, tư tưởng Hồi giáo, tư tưởng Cao Đài giáo, tư tưởng Phật giáo Hòa Hảo 
650 |a Knowledge, theory of,Philosophy, Vietnamese 
904 |i Bạch Trúc 
980 |a Trung tâm Học liệu Trường Đại học Cần Thơ